Statistics for Top 16 Biggest Islands in Europe

Click here to take the quiz!

General Stats

  • This quiz has been taken 61 times
    (30 since last reset)
  • The average score is 8 of 16

Answer Stats

Answer% Correct
Great Britain
100%
Ireland
96%
Iceland
93%
Corsica
79%
Crete
79%
Sardinia
79%
Sicily
79%
Mallorca
61%
Zealand
36%
Spitsbergen
29%
Euboea
18%
Nordaustlandet
14%
Severny
14%
Yuzhny
14%
Edgeøya
11%
Vendsyssel
11%

Score Distribution

Percentile by Number Answered

Percent of People with Each Score

Your Score History

You have not taken this quiz since the last reset